000 00607nas a2200157 a 4500
005 20241008113910.0
007 ta
008 241008e2016 dr |||p|r||||||0| ||spa d
040 _aDO-SdBNP
_cBNPHU
_erda
245 _aEl Defensor :
_bboletín informativo /
_cDefensor del Pueblo.
260 _aSanto Domingo, República Dominicana :
_bDefensor del Pueblo,
_c2016.
300 _avolumen :
_bilustraciones, fotografías, gráficas ;
_c28 cm.
310 _aCuatrimestral
500 _a15 de mayo, Aniversario del Defensor del Pueblo.
942 _2ddc
_cISSUE
_hAño: 2016: No. 2.
999 _c57777
_d57777